000
00268nam a22001217a 4500
008
170912b xxu||||| |||| 00| 0 eng d
041
_a
eng
080
_2
8 ED
_a
53
100
_a
53
101
_a
FIZ
245
_a
FUNDAMENTALS PHYSICS
_c
WALKER.J
942
_2
udc
_c
BK
999
_c
27296
_d
27296